000 01125nam0a2200313 4500
001 RU\NLR\BIBL_A\022271359
005 20260420011739.0
010 _a978-5-17-148066-0
_92500
021 _aRU
_bКН-П-24-028668
_9КН-П-24-2922
035 _a(NLR Aleph) 022271359
090 _a13660131
_c13660131
100 _a20240704d2022 u y0rusy50 ca
101 1 _arus
_ceng
102 _aRU
105 _ay z 000ay
200 1 _aГарем, или Пленница султана
_e[роман]
_fБертрис Смолл
_gперевод с английского Е. Ю. Елистратовой
210 _aМосква
_cАСТ
_d2022
215 _a446, [1] с.
_d21
225 1 _aЛучший любовный роман
333 _a16+
517 1 _aПленница султана
686 1 _aШ6(7США)67-440.4{Лх1979-50}
700 1 _7ca
_8rus
_aСмолл
_bБ.
_f1937-2015
_gБертрис
_9110856
_3RU\NLR\AUTH\77816
942 _cBOOK
980 _aNBR
980 _aNB